00814nam a2200193Ia 4500003000900000008004100009020002600050020002700076040001600103100003400119245008700153260003200240300002000272490003400292856010400326942000700430999001700437952016600454IN-BaIIA211028s9999 xx s 000 0 eng d a9781510627505 (Print) a9781510627512 (Online) cIIA Library aDi Lazzaro, Paolo, ed.948773 0aXXII International Symposium on High Power Laser Systems and Applicationsh[eBook] aWashington, USAbSPIEc2019 aOnline resource aProceedings of SPIE; V. 11042 uhttps://www.spiedigitallibrary.org/conference-proceedings-of-spie/11042yClick Here to Access eBook cEB c33905d33905 00104070aBANbBANd2011-07-01eSPIEhV. 11042l0pEB13365r2021-11-05uhttps://www.spiedigitallibrary.org/conference-proceedings-of-spie/11042w2021-11-05yEB